[Event "Lugano op 15th"]
[Site "Lugano"]
[Date "2012.11.04"]
[Round "6"]
[White "Kraus, Jiri Xerxes"]
[Black "Tillmann, Marc"]
[Result "1/2-1/2"]
[WhiteElo "1943"]
[BlackElo "1993"]
[PlyCount "69"]
[EventDate "2012.11.01"]
[EventType "swiss"]
[EventRounds "7"]
[EventCountry "SUI"]
[SourceTitle "EXT 2013"]
[Source "ChessBase"]
[SourceDate "2012.11.22"]
[SourceVersion "1"]
[SourceVersionDate "2012.11.22"]
[SourceQuality "1"]

1. c4 Nf6 2. Nc3 g6 3. Nf3 Bg7 4. d4 0-0 5. g3 d6 6. Bg2 Nbd7 7. 0-0 e5 8. Bg5 h6 9. Bxf6 Bxf6 10. Nd5 Bg7 11. e3 c6 12. Nc3 Re8 13. Rc1 exd4 14. Nxd4 Ne5 15. b3 Qe7 16. Qd2 a6 17. Nce2 Bg4 18. Nf4 g5 19. Nd3 c5 20. Nxe5 dxe5 21. Ne2 Rad8 22. Qc2 e4 23. Nc3 Bxc3 24. Qxc3 Rd3 25. Qb2 Red8 26. h3 Bf3 27. Bxf3 exf3 28. Qb1 Qd7 29. Kh2 h5 30. Qb2 Qd6 31. Kg1 h4 32. g4 Rd2 33. Qb1 Qd3 34. Qa1 Qd6 35. Qb1 1/2-1/2

[Event "Lugano op 15th"]
[Site "Lugano"]
[Date "2012.11.03"]
[Round "4"]
[White "Mastrorilli, Nicola Giovanni"]
[Black "Kraus, Jiri Xerxes"]
[Result "1/2-1/2"]
[WhiteElo "1968"]
[BlackElo "1943"]
[PlyCount "48"]
[EventDate "2012.11.01"]
[EventType "swiss"]
[EventRounds "7"]
[EventCountry "SUI"]
[SourceTitle "EXT 2013"]
[Source "ChessBase"]
[SourceDate "2012.11.22"]
[SourceVersion "1"]
[SourceVersionDate "2012.11.22"]
[SourceQuality "1"]

1. d4 d5 2. c4 c6 3. Nf3 Nf6 4. Nc3 Bf5 5. e3 e6 6. Bd3 Bxd3 7. Qxd3 Bd6 8. e4 dxe4 9. Nxe4 Bb4+ 10. Bd2 Bxd2+ 11. Nfxd2 Nxe4 12. Nxe4 Qa5+ 13. Nd2 Nd7 14. 0-0 Nf6 15. Rfe1 0-0 16. Re5 Qc7 17. Qh3 Rfd8 18. Nf3 Rxd4 19. Rxe6 Re4 20. Rxe4 Nxe4 21. Qf5 Re8 22. Rd1 Nf6 23. h3 h6 24. b3 Rd8 1/2-1/2

[Event "Lugano op 15th"]
[Site "Lugano"]
[Date "2012.11.02"]
[Round "3"]
[White "Kraus, Jiri Xerxes"]
[Black "Grigioni, Giulio"]
[Result "1-0"]
[WhiteElo "1943"]
[BlackElo "1825"]
[PlyCount "95"]
[EventDate "2012.11.01"]
[EventType "swiss"]
[EventRounds "7"]
[EventCountry "SUI"]
[SourceTitle "EXT 2013"]
[Source "ChessBase"]
[SourceDate "2012.11.22"]
[SourceVersion "1"]
[SourceVersionDate "2012.11.22"]
[SourceQuality "1"]

1. c4 Nf6 2. Nc3 b6 3. Nf3 Bb7 4. d4 e6 5. e3 Bb4 6. Be2 Ne4 7. Qc2 f5 8. Bd2 Nf6 9. a3 Be7 10. b4 a5 11. b5 d6 12. Ng5 Qc8 13. Bf3 Bxf3 14. Nxf3 0-0 15. e4 fxe4 16. Nxe4 Nbd7 17. 0-0 Re8 18. Bg5 c5 19. Bxf6 Bxf6 20. Nxd6 Qc7 21. Nxe8 Rxe8 22. Rad1 cxd4 23. Nxd4 Nc5 24. Rfe1 Qf4 25. Nb3 Nxb3 26. Qxb3 Bd4 27. Qg3 Qxg3 28. hxg3 Bc5 29. a4 Rf8 30. Re2 g5 31. Rd7 Rf7 32. Rxf7 Kxf7 33. Kf1 Bb4 34. Re4 Kf6 35. Ke2 h5 36. Kd3 Bc5 37. f3 Bf2 38. g4 hxg4 39. Rxg4 e5 40. Re4 Kf5 41. g4+ Kf6 42. Re2 Bg3 43. c5 bxc5 44. Kc4 Ke7 45. Kxc5 Kd7 46. b6 Kc8 47. Kb5 Kb7 48. Kxa5 1-0